Online Catalogue and eLibrary

Manawa viddyawa (Record no. 1030)

MARC details
000 -LEADER
fixed length control field 00378nam a2200157Ia 4500
005 - DATE AND TIME OF LATEST TRANSACTION
control field 20250630013413.0
008 - FIXED-LENGTH DATA ELEMENTS--GENERAL INFORMATION
fixed length control field 240331s9999 xx 000 0 und d
020 ## - INTERNATIONAL STANDARD BOOK NUMBER
ISBN 9555531943
082 ## - DDC Classification
Class No. 301
Item Number - Author Mark RAT
100 ## - MAIN ENTRY--PERSONAL NAME
Personal name Rathnapala , N
245 #0 - TITLE STATEMENT
Title Manawa viddyawa
260 ## - PUBLICATION, DISTRIBUTION, ETC.
Place of publication, distribution, etc. Warakapola
Name of publisher, distributor, etc. Aryan Publishers
Date of publication, distribution, etc. 2001
300 ## - PHYSICAL DESCRIPTION
Extent (e.g. Volumes, Pages etc.) xii, 351 p .,
650 ## - SUBJECT ADDED ENTRY--TOPICAL TERM
Topical term or geographic name entry element Anthropology
942 ## - Koha item type (Biblio)
Koha item type Books in Stacks (Lending)
Holdings
Lost status Damaged status Collection code Home library Current library Shelving location Date acquired Full call number Accession Number Item type
    Lending WERC Library WERC Library Social Science Cupboard 03/31/2024 301 RAT 4929 Books in Stacks (Lending)

© WERC Library